Precision-guided munitions and human suffering in war
This book seeks to answer the question: Do precision-guided munitions (PGMs) mitigate suffering in war, and have these weapons changed the way decisions regarding war and peace have been made? Answering this question helps us understand possible shifts in emphasis in modern warfare, both in terms of...
Saved in:
| Main Author: | |
|---|---|
| Format: | Book |
| Language: | English |
| Published: |
London
Routledge Ashgate
2012
|
| Series: | Military and defence ethics
|
| Subjects: | |
| Tags: |
Add Tag
No Tags, Be the first to tag this record!
|
| Call Number : | UF 510 .H53 2012 |
MARC
| LEADER | 00000nam a2200000 c 4500 | ||
|---|---|---|---|
| 001 | 102118 | ||
| 003 | MY-KLNDU | ||
| 005 | 20241220040205.0 | ||
| 008 | 221104 2012 xxk bi 000 0 eng d | ||
| 020 | |a 9781409429517 | ||
| 020 | |z 9781409429524 (e-book) | ||
| 039 | 9 | |a 202211041156 |b VLOAD |c 201612201424 |d azraai |y 201611031529 |z hasniza | |
| 040 | |a UPNM |b eng |c UPNM |e rda | ||
| 090 | |a UF 510 |b .H53 2012 | ||
| 100 | 1 | |a Hickey, James E. |e author | |
| 245 | 1 | |a Precision-guided munitions and human suffering in war |c James E. Hickey | |
| 264 | 1 | |a London |b Routledge |b Ashgate |c 2012 | |
| 264 | 4 | |c ©2012 | |
| 300 | |a xiii, 251 pages |c 24 cm | ||
| 336 | |a text |2 rdacontent | ||
| 337 | |a unmediated |2 rdamedia | ||
| 338 | |a volume |2 rdacarrier | ||
| 490 | 1 | |a Military and defence ethics | |
| 504 | |a Includes bibliographical references and index | ||
| 505 | 0 | |a Introduction -- 1. Purposeful Violence: Underlying Causes and the Continuum of Human Responses -- 2. Technology in War: An Evolving Role But With Voices Raised in Warning -- 3. Measuring the Impact:A Comprehensive Framework -- 4. Vietnam: Viable Precision Emerges -- 5. Desert Storm: An Image of Perfect Precision? -- 6. The Balkans: Perfect Precision Attained? -- 7. Contingency Strikes: Expanded Political-Military Action Enabled By Precision -- 8. In The Final Analysis: Summary with Contemporary Reflections and Conclusions. | |
| 520 | |a This book seeks to answer the question: Do precision-guided munitions (PGMs) mitigate suffering in war, and have these weapons changed the way decisions regarding war and peace have been made? Answering this question helps us understand possible shifts in emphasis in modern warfare, both in terms of methods employed and of the greater concern placed on limiting human suffering during conflict. | ||
| 592 | |a 0009/UPNM |b 22/11/16 |c RM612.75 |h Ridha | ||
| 650 | 0 | |a Civilian war casualties | |
| 650 | 0 | |a Precision guided munitions | |
| 650 | 0 | |a Air warfare |x Decision making | |
| 650 | 0 | |a Bombing, Aerial |x Moral and ethical aspects | |
| 650 | 0 | |a Military ethics | |
| 650 | 0 | |a just war doctrine | |
| 650 | 0 | |a Precision guided munitions |z United States |x History | |
| 830 | 0 | |a Military and defence ethics | |
| 999 | |a vtls000057414 |c 102118 |d 102118 | ||


